| 000 | 00787cab a2200229 4500 | ||
|---|---|---|---|
| 001 | WB3309-23 | ||
| 008 | 090401t1997 xxu||||| |||| 00| 0 eng d | ||
| 035 | _a(Sirsi) u59809 | ||
| 041 | _aeng | ||
| 245 | _aCompetitive tendering wasteful | ||
| 260 | _c1997 | ||
| 350 | _a0 | ||
| 490 |
_aConstruction News _v(6504) 27 February 1997, 3(1) |
||
| 520 | _aA study for the RICS by the Civil and Building Engineering Department of Loughborough University has found that money is being wasted and quality is being compromised by inappropriate use of competitive tendering. | ||
| 650 | _aCOMPETITIVE TENDERING | ||
| 650 | _aLOUGHBOROUGH UNIVERSITY | ||
| 650 | _aQUALITY | ||
| 650 | _aRICS | ||
| 690 | _aPROPERTY-PROPERTY FINANCE AND INVESTMENT | ||
| 942 | _n0 | ||
| 948 | _c04/03/1997 | ||
| 999 |
_c36772 _d36772 |
||